000 01337cam a2200301Mi 4500
999 _c5000
_d5000
001 on1055564209
003 TZ-ArACH
005 20200923225047.0
008 181003s2017 ne 000 0 eng d
020 _a9789211573145
020 _a9211573149
035 _a(OCoLC)1055564209
040 _aNLGGC
_beng
_erda
_cTZ-ArACH
_dOCLCO
_dYDX
041 0 _aeng
_afre
049 _aTZAA
050 _aKZ214
_b.I58 2017 (Feb.)
245 0 0 _aMaritime delimitation in the Indian Ocean (Somalia v. Kenya) :
_border of 2 February 2017 /
_cInternational Court of Justice = Délimitation maritime dans l'océan Indien (Somalie c. Kenya) : ordonnance du 2 février 2017 / Cour internationale de justice.
246 3 _aDélimitation maritime dans l'océan Indien (Somalie c. Kenya)
260 _a[The Hague] :
_bInternational Court of Justice,
_c2017.
300 _aPage 87-89 ;
_c25 cm.
490 0 _aReports of judgments, advisory opinions and orders =
_aRecueil des arrêts, avis consultatifs et ordonnances,
_x0074-4441 ;
_vsales no. 1116 (2017)
546 _aText in English and French. - Double paginated.
650 _aKenya, Somalia
650 _aMarine border dispute
710 2 _aInternational Court of Justice.
_4pbl
830 0 _aRecueil des arrêts, avis consultatifs et ordonnances ;
_vsales no. 1116 (2017).
942 _2lcc
_cBOOK